Viaje a Oriente (Record no. 35125)

MARC details
000 -LEADER
campo de control de longitud fija 00857nam a2200241 i 4500
001 - NÚMERO DE CONTROL
campo de control 35125
003 - IDENTIFICADOR DE NÚMERO DE CONTROL
campo de control ES-MaACL
005 - FECHA Y HORA DE LA ÚLTIMA TRANSACCIÓN
campo de control 20240128062947.0
007 - CAMPO FIJO DE DESCRIPCIÓN FÍSICA--INFORMACIÓN GENERAL
campo de control de longitud fija t|
008 - DATOS DE LONGITUD FIJA--INFORMACIÓN GENERAL
campo de control de longitud fija 150918s1993 sp ||||1| spa d
020 ## - NÚMERO INTERNACIONAL ESTÁNDAR DEL LIBRO
Número Internacional Estándar del Libro 84-376-1164-4
100 1# - ENTRADA PRINCIPAL--NOMBRE DE PERSONA
Nombre de persona Flaubert, Gustave,
Fechas asociadas al nombre 1821-1880
9 (RLIN) 51134
245 10 - MENCIÓN DEL TÍTULO
Título Viaje a Oriente
Resto del título : (octubre, 1849-junio, 1851) /
Mención de responsabilidad, etc. Gustave Flaubert ; edición de Menene Gras Balaguer ; traducción de Menene Gras Balaguer.
260 ## - PUBLICACIÓN, DISTRIBUCIÓN, ETC.
Lugar de publicación, distribución, etc. Madrid :
Nombre del editor, distribuidor, etc. Cátedra,
Fecha de publicación, distribución, etc. D.L. 1993.
300 ## - DESCRIPCIÓN FÍSICA
Extensión 573 p. ;
Dimensiones 18 cm.
490 1# - MENCIÓN DE SERIE
Mención de serie Letras universales ;
Designación de volumen o secuencia 176
504 ## - NOTA DE BIBLIOGRAFÍA, ETC.
Nota de bibliografía, etc. Bibliografía: p. 41-43.
651 #4 - PUNTO DE ACCESO ADICIONAL DE MATERIA--NOMBRE GEOGRÁFICO
Nombre geográfico Oriente Medio-
Subdivisión general Descripción.
9 (RLIN) 159943
700 0# - ENTRADA AGREGADA--NOMBRE PERSONAL
Nombre de persona Gras Balaguer, Menene.
9 (RLIN) 59682
830 0# - PUNTO DE ACCESO ADICIONAL DE SERIE-TÍTULO UNIFORME
Título uniforme Letras universales ;
Designación de volumen o secuencia 176
9 (RLIN) 178013
852 ## - LOCALIZACIÓN
Ubicación ES-MaACL
Número de control de estantería L-30151
Nota libre .- Donat. Miguel A. Velasco
Holdings
Estatus retirado Estado de pérdida Estado de daño No para préstamo Biblioteca de origen Biblioteca actual Ubicación en estantería Fecha de adquisición Fuente de adquisición Total de préstamos Signatura topográfica completa Código de barras Visto por última vez Precio de reemplazo Tipo de ítem Koha
        Biblioteca del Ateneo de Madrid Biblioteca del Ateneo de Madrid Depósito 2 18/08/2015     L-30151 1194032 23/02/2023 23/02/2023 Libro impreso